Statistics for Bayern Munich Opponents In UEFA Champions League

Click here to take the quiz!

General Stats

  • This quiz has been taken 1,095 times
    (207 since last reset)
  • The average score is 51 of 89

Answer Stats

TeamCountryGWDLLast% Correct
Paris Saint-GermainFrance137062023
100%
Real MadridSpain28114132024
100%
FC BarcelonaSpain1310212023
99%
Manchester UnitedEngland136522024
99%
Arsenal FCEngland148332024
96%
Manchester CityEngland83142023
96%
AFC AjaxNetherlands103432019
94%
Inter MilanItaly74122023
94%
SL BenficaPortugal107302022
94%
AC MilanItaly81252007
93%
JuventusItaly105232016
93%
FC PortoPortugal73222015
92%
Atletico MadridSpain84222021
91%
Chelsea FCEngland53112020
91%
Liverpool FCEngland40312019
88%
PSV EindhovenNetherlands86112017
88%
LyonFrance95222020
86%
Galatasaray SKTurkey43102024
85%
Tottenham HotspurEngland22002020
85%
Borussia DortmundGermany31112013
84%
Sporting CPPortugal43102009
82%
Dynamo DresdenGermany21101974
81%
MarseilleFrance22002013
81%
CelticScotland43102018
79%
AS RomaItaly43012015
78%
OlympiacosGreece66002020
78%
SS LazioItaly43012024
78%
Aston VillaEngland10011982
77%
Valencia CFSpain51402013
76%
RSC AnderlechtBelgium85212018
75%
Sevilla FCSpain21102018
75%
Rangers FCScotland42202000
74%
Shakhtar DonetskUkraine21102015
73%
Sparta PragueCzech Republic21102002
70%
SSC NapoliItaly21102012
70%
CopenhagenDenmark21102024
69%
Red Star BelgradeSerbia42112020
69%
VillarrealSpain42112022
69%
Reb Bull SalzburgAustria43102022
68%
BesiktasTurkey44002018
66%
CSKA MoscowRussia44002015
66%
Dinamo ZagrebCroatia22002016
66%
Malmö FFSweden21011976
64%
Club BruggeBelgium21102006
63%
FC BaselSwitzerland43012012
63%
Lille OSCFrance22002013
63%
FeyenoordNetherlands21102002
61%
AEK AthensGreece22002019
60%
Maccabi Tel-AvivIsrael22002005
60%
Dynamo KyivUkraine107122022
59%
Lokomotiv MoscowRussia22002021
59%
Rapid WienAustria22002006
55%
Maccabi HaïfaIsrael22002010
54%
AC FiorentinaItaly42112010
53%
Austria WienAustria42201987
53%
Spartak MoscowRussia106402007
53%
Viktoria PlzenCzech Republic44002023
53%
CSKA SofiaBulgaria64021991
51%
BordeauxFrance20022010
50%
Deportivo La CorunaSpain20022003
49%
Steaua BucureștiRomania22002009
48%
AS Saint-EtienneFrance53111976
47%
BATE BorisovBelarus21012013
41%
RC LensFrance20202003
41%
APOEL NicosiaCyprus22001991
40%
FC NantesFrance22002002
39%
Rosenborg BKNorway42202001
37%
CFR ClujRomania20022011
36%
Leeds UnitedEngland11001975
32%
IFK GöteborgSweden41211998
30%
FC RostovRussia21012017
29%
BoavistaPortugal21102002
27%
Brondby IFDenmark21011999
25%
CFKA Sredets SofiaBulgaria22001988
25%
FC KaiserslauternGermany22001999
21%
KF TiranaAlbania22001990
21%
Omonia NicosieCyprus22001973
12%
Ararat YerevanArmenia21011975
11%
FC MagdeburgGermany22001975
7%
Ujpest FCHungary21101974
7%
Baník OstravaCzech Republic43011981
6%
Gornik ZabrzePoland22001986
6%
Helsingborgs IFSweden21102001
6%
La Jeunesse d'EschLuxembourg22001976
6%
Neuchâtel XamaxSwitzerland21011988
3%
Atvidabergs FFSweden21011974
2%
Koge BKDenmark22001977
2%
Östers IFSweden22001982
2%
Universitatea CraiovaRomania21101982
2%

Score Distribution

Percentile by Number Answered

Percent of People with Each Score

Your Score History

You have not taken this quiz since the last reset